| 000 | 00464nam a22001697a 4500 | ||
|---|---|---|---|
| 999 |
_c2523 _d2523 |
||
| 008 | 200309b ||||| |||| 00| 0 eng d | ||
| 020 | _a9781439806975 | ||
| 041 | 0 | _aeng | |
| 082 | 0 | 0 |
_a620.00151 _bB142 |
| 100 |
_95445 _aBaez-Lopez, David |
||
| 245 | 1 | 0 |
_aMATLAB with applications to engineering physics and finance / _cDavid Baez-Lopez |
| 250 | _a1st ed. | ||
| 260 |
_aNew Delhi: _bCRC Press, _c2010. |
||
| 300 | _axiv, 412 p. | ||
| 650 | 0 | _aMATLAB | |
| 942 | _cBK | ||